LEADER 01511nam0 22003733i 450 001 VAN00271556 005 20251020032332.226 017 70$2N$a9783031342295 100 $a20240209d2023 |0itac50 ba 101 $aeng 102 $aIT 105 $a|||| ||||| 181 $ai$b e 182 $ab 183 $acr 200 1 $aMolecular Mechanisms of Neurotransmitter Release$fZhao-Wen Wang editor 205 $a2. ed 210 $aCham$cSpringer$d2023 215 $aXI, 401 p.$cill.$d24 cm 410 1$1001VAN00271145$12001 $aAdvances in Neurobiology$1210 $aCham$cSpringer$d2008-$v33 620 $aCH$dCham$3VANL001889 676 $a571.6$cBiologia cellulare$v22 676 $a591$cZoologia$v09 676 $a616.8$cNeurologia$v22 702 1$aWang$bZhao-Wen$3VANV223196 712 $aSpringer $3VANV108073$4650 801 $aIT$bSOL$c20251024$gRICA 856 4 $uhttps://link.springer.com/book/10.1007/978-3-031-34229-5$zE-book - Accesso al full-text attraverso riconoscimento IP di Ateneo, proxy e/o Shibboleth 899 $aBIBLIOTECA DEL DIPARTIMENTO DI SCIENZE E TECNOLOGIE AMBIENTALI BIOLOGICHE E FARMACEUTICHE$1IT-CE0101$2VAN17 912 $fN 912 $aVAN00271556 950 $aBIBLIOTECA DEL DIPARTIMENTO DI SCIENZE E TECNOLOGIE AMBIENTALI BIOLOGICHE E FARMACEUTICHE$d17CONS e-book 2309 $e17BIB2309/472 472 20240209 996 $aMolecular Mechanisms of Neurotransmitter Release$93883758 997 $aUNICAMPANIA